=LDR 00000nam 2200000 4500 =001 INLIS000000000039389 =005 20130612145023 =008 ***********************************ind** =035 ##$$a0010-061300000039389 =041 ##$$a ind =082 ##$$a 633.84 =090 ##$$a 633.84, Ros e =100 ##$$a ROSTINI, Neni =245 ##$$a 6 Jurus bertanam cabai bebas hama dan penyakit, Neni rostini =260 ##$$a 2011 $b Jakarta =300 ##$$a Vi,166 Hlm, 24 cm =650 ##$$a CABAI =850 ##$$a NBPNMAT =990 ##$$a 0699/PN/2014 =990 ##$$a 87628762 =990 ##$$a 01201708762 =990 ##$$a 0699/PN/2014